Food for our grandmothers : (Record no. 20811)

MARC details
000 -LEADER
fixed length control field 01579cam a22004095i 4500
001 - CONTROL NUMBER
control field 4433635
003 - CONTROL NUMBER IDENTIFIER
control field EG-ScBUE
005 - DATE AND TIME OF LATEST TRANSACTION
control field 20201102111859.0
008 - FIXED-LENGTH DATA ELEMENTS--GENERAL INFORMATION
fixed length control field 940718t19941994maua f b 001 0 eng d
020 ## - INTERNATIONAL STANDARD BOOK NUMBER
International Standard Book Number 0896084892
020 ## - INTERNATIONAL STANDARD BOOK NUMBER
International Standard Book Number 9780896084896
040 ## - CATALOGING SOURCE
Original cataloging agency DLC
Language of cataloging eng
Description conventions rda
Transcribing agency DLC
Modifying agency EG-ScBUE
043 ## - GEOGRAPHIC AREA CODE
Geographic area code n-us---
-- n-cn---
082 04 - DEWEY DECIMAL CLASSIFICATION NUMBER
Classification number 810.809287089927
Item number FOO
Edition number 22
245 00 - TITLE STATEMENT
Title Food for our grandmothers :
Remainder of title writings by Arab-American and Arab-Canadian feminists /
Statement of responsibility, etc edited by Joanna Kadi.
264 #1 - PUBLICATION, DISTRIBUTION, ETC. (IMPRINT)
Place of publication, distribution, etc Cambridge, Massachusetts :
Name of publisher, distributor, etc South End Press,
Date of publication, distribution, etc [1994]
264 #4 - PUBLICATION, DISTRIBUTION, ETC. (IMPRINT)
Date of publication, distribution, etc c1994
300 ## - PHYSICAL DESCRIPTION
Extent xx, 291 pages :
Other physical details illustrations ;
Dimensions 23 cm
336 ## - CONTENT TYPE
Content type term text
Content type code txt
Source rdacontent
337 ## - MEDIA TYPE
Media type term unmediated
Media type code n
Source rdamedia
338 ## - CARRIER TYPE
Carrier type term volume
Carrier type code nc
Source rdacarrier
504 ## - BIBLIOGRAPHY, ETC. NOTE
Bibliography, etc Includes bibliographical references and index.<br/>
650 #7 - SUBJECT ADDED ENTRY--TOPICAL TERM
Topical term or geographic name as entry element Feminism
Geographic subdivision United States
General subdivision Literary collections.
Source of heading or term BUEsh
650 #7 - SUBJECT ADDED ENTRY--TOPICAL TERM
Topical term or geographic name as entry element American literature
General subdivision Arab American authors.
Source of heading or term BUEsh
650 #7 - SUBJECT ADDED ENTRY--TOPICAL TERM
Topical term or geographic name as entry element Women
Geographic subdivision United States
General subdivision Literary collections.
Source of heading or term BUEsh
650 #7 - SUBJECT ADDED ENTRY--TOPICAL TERM
Topical term or geographic name as entry element Arabs
Geographic subdivision United States
General subdivision Literary collections.
Source of heading or term BUEsh
650 #7 - SUBJECT ADDED ENTRY--TOPICAL TERM
Topical term or geographic name as entry element Feminism
Geographic subdivision Canada
General subdivision Literary collections.
Source of heading or term BUEsh
650 #7 - SUBJECT ADDED ENTRY--TOPICAL TERM
Topical term or geographic name as entry element Women
Geographic subdivision Canada
General subdivision Literary collections.
Source of heading or term BUEsh
650 #7 - SUBJECT ADDED ENTRY--TOPICAL TERM
Topical term or geographic name as entry element Arabs
Geographic subdivision Canada
General subdivision Literary collections.
Source of heading or term BUEsh
650 #7 - SUBJECT ADDED ENTRY--TOPICAL TERM
Topical term or geographic name as entry element American literature
General subdivision Women authors.
Source of heading or term BUEsh
650 #7 - SUBJECT ADDED ENTRY--TOPICAL TERM
Topical term or geographic name as entry element Canadian literature
General subdivision Women authors.
Source of heading or term BUEsh
650 #7 - SUBJECT ADDED ENTRY--TOPICAL TERM
Topical term or geographic name as entry element Canadian literature
General subdivision Arab authors.
Source of heading or term BUEsh
651 ## - SUBJECT ADDED ENTRY--GEOGRAPHIC NAME
Source of heading or term BUEsh
653 ## - INDEX TERM--UNCONTROLLED
Resource For college Humanities: English
Arrived date list September2015
-- December2015
700 1# - ADDED ENTRY--PERSONAL NAME
Personal name Kadi, Joanna,
Relator term editor.
942 ## - ADDED ENTRY ELEMENTS (KOHA)
Source of classification or shelving scheme Dewey Decimal Classification
Koha item type Book - Borrowing
Holdings
Withdrawn status Lost status Source of classification or shelving scheme Damaged status Not for loan Collection code Home library Current library Shelving location Date acquired Source of acquisition Cost, normal purchase price Serial Enumeration / chronology Total Checkouts Full call number Barcode Date last seen Date checked out Cost, replacement price Koha item type
    Dewey Decimal Classification     Baccah Central Library Central Library Second Floor 01/09/2015 Purchase 222.00 23317 1 810.809287089927 FOO 000030902 15/07/2025 14/02/2017 278.00 Book - Borrowing